000 003100000a22001450004500
003 MACL
040 _aMACL
090 _c3122
_d3122
100 _aBasu, Salil
245 _aTribal Health In India
260 _aDelhi
_bManak Publications Pvt.
_c1994
350 _a450
650 _aSociology
942 _cBOOK
_k307
999 _c3100
_d3100